Етико-світоглядні аспекти мовної картини світу а англомовному пісенному метал-дискурсі гурту Iron Maiden (Запис № 285388)

МАРК-запис
000 -LEADER
fixed length control field 01868nam a22001577a 4500
041 ## - LANGUAGE CODE
Language code of text/sound track or separate title ukr
080 ## - UNIVERSAL DECIMAL CLASSIFICATION NUMBER
Universal Decimal Classification number 09
090 ## - LOCALLY ASSIGNED LC-TYPE CALL NUMBER (OCLC); LOCAL CALL NUMBER (OCLC)
Local cutter number (OCLC) ; Book number/undivided call number, CALL (RLIN) ХВИ
100 ## - MAIN ENTRY--PERSONAL NAME
Personal name Хвищук, Р. А.
245 ## - TITLE STATEMENT
Title Етико-світоглядні аспекти мовної картини світу а англомовному пісенному метал-дискурсі гурту Iron Maiden
260 ## - PUBLICATION, DISTRIBUTION, ETC. (IMPRINT)
Place of publication, distribution, etc Острог
Name of publisher, distributor, etc КАФ
Date of publication, distribution, etc 2014
300 ## - PHYSICAL DESCRIPTION
Extent 65
520 ## - SUMMARY, ETC.
Summary, etc Вступ.<br/>Розділ І. Теоретичні засади формування мовної картини світу під впливом пісенного метал-дискурсу важкої музики.<br/>1.1. Поняття мовної картини світу<br/>1.2. Поняття дискурсу та особливості пісенного метал-дискурсу<br/>1.3. Поняття концепту в лінгвістиці та його роль у мовній картині світу<br/>Висновки до Розділу І<br/>Розділ ІІ. Роль етико-світоглядних концептів мовної картини світу в англомовному пісенному метал-дискурсі гурту Iron Maiden.<br/>2.1. Концепти "життя" і "смерть" як важлива складова метал-дискурсу<br/>2.2. Релігія та релігійні аспекти мовної картини світу в пісенному метал-дискурсі<br/>2.3. Репрезентація концептів "love" і "hate" в англомовному пісенному метал-дискурсі<br/>Висновки до Розділу ІІ<br/>Висновки.<br/>Список використаної літератури.<br/>Додатки.
-- дискурс, лінгвістика, концепт
650 ## - SUBJECT ADDED ENTRY--TOPICAL TERM
Topical term or geographic name as entry element Research Papers
942 ## - ADDED ENTRY ELEMENTS (KOHA)
Koha item type Книги
Фонди
Withdrawn status Lost status Source of classification or shelving scheme Damaged status Not for loan Home library Current library Date acquired Source of acquisition Cost, normal purchase price Total Checkouts Full call number Barcode Date last seen Price effective from Koha item type
    Universal Decimal Classification     ВІЛ - Відділ іноземн. літератури НБ ВІЛ - Відділ іноземн. літератури НБ 17/06/2014 Акт №8 1.00   09 215638 09/11/2021 17/06/2014 Книги